| 000 | 00566cam a22002172a 4500 | ||
|---|---|---|---|
| 001 | 017212 | ||
| 003 | AR-FADEU | ||
| 008 | 311216n1998####xxu####################dd | ||
| 020 | _a84-8002-573-5 | ||
| 092 |
_a361.2 _bC745 _eBLYNK |
||
| 100 | _aConde Megías, Rosario | ||
| 245 | _aTrabajo social experimental | ||
| 260 | _aValencia | ||
| 260 | _bTirant Lo Blanch | ||
| 260 | _c1998 | ||
| 300 | _a413 p | ||
| 440 |
_aPolíticas de bienestar social _n4 |
||
| 500 | _aIncluye bibliografía | ||
| 650 | _aSERVICIO SOCIAL EXPERIMENTAL/BLYNK/ | ||
| 942 | _cBLYNK | ||
| 999 |
_c22961 _d22961 |
||